Conocimiento del medio : 5 primaria
Gespeichert in:
| Weitere Verfasser: | |
|---|---|
| Format: | Buch |
| Sprache: | Spanisch |
| Erschienen: |
[Zaragoza] :
Edelvives,
D.L. 2013
|
| Katalog: | MANES: Suchergebnis im Bibliothekskatalog |
| Schulbuchspezifische Eigenschaften: |
|
| Schriftenreihe: | Pixépolis
|
| Tags: |
Tag hinzufügen
Keine Tags, Fügen Sie den ersten Tag hinzu!
|
| Hinzugefügt zu: | 01.06.2011 |
| Geändert in: | 07.05.2025 |
MARC
| LEADER | 00000cam a2200000 i 4500 | ||
|---|---|---|---|
| 005 | 20250507134345.0 | ||
| 008 | 110602s2013 espao fp 000 0 spa d | ||
| 020 | |a 9788426387288 | ||
| 040 | |a uned |b spa |c entro-manes | ||
| 245 | 0 | 0 | |a Conocimiento del medio : |b 5 primaria / |c colaboradores, Joaquín Ferreriro Oliva, María Generosa Luz Gómez Giraldez ; lecturas, Roberto Aliaga Sánchez, Antonio Vicente Lucerga |
| 260 | |a [Zaragoza] : |b Edelvives, |c D.L. 2013 | ||
| 300 | |a [1] v. : |b il. | ||
| 490 | 0 | |a Pixépolis | |
| 505 | 0 | |a Contiene: |g V. 3. |t tercer trimestre | |
| 546 | |a España | ||
| 561 | |5 es-BUNED |3 L.T.M. 3076 |a España. Fondo Manes UNED |k MANES | ||
| 690 | 0 | |a CS |a CN | |
| 691 | 0 | |a PRI | |
| 700 | 1 | |a Ferreiro Oliva, Joaquín |9 36419 | |
| 942 | |2 ddc |c BK | ||
| 999 | |c 92546 |d 92546 | ||
| 999 | |c manes:92546 |d 92546 | ||